Westernmost Bordering Country #1 - Statistics

General Stats
  • This quiz has been taken 34 times
  • The average score is 19 of 20
Answer Stats
Hint Answer % Correct
Libya Algeria
100%
Myanmar Bangladesh
100%
Argentina Chile
100%
Uganda D.R. Congo
100%
Djibouti Ethiopia
100%
Switzerland France
100%
Botswana Namibia
100%
Poland Germany
97%
Turkey Greece
97%
El Salvador Guatemala
97%
Albania Montenegro
97%
India Pakistan
97%
Yemen Saudi Arabia
97%
Croatia Slovenia
97%
Iran Turkey
97%
Slovakia Austria
93%
Nigeria Benin
93%
Ecuador Peru
93%
Georgia Russia
93%
Turkmenistan Kazakhstan
87%
No matching quizzes found
Score Distribution
Percent of People with Each Score
Percentile by Number Answered
Your Score History
You have not taken this quiz